000 00440nam a22001697a 4500
003 OSt
005 20260129105505.0
008 260129b |||||||| |||| 00| 0 eng d
040 _aKABLIB
_beng
_cKABLIB
082 _223
_a896.339
_bBAZ
100 _aBAZARRABUSA, T.B
_914842
245 _aMUGENZOOMU
_cT.B BAZARRABUSA
260 _aKAMPALA
_bUANDA LITERATURE BUREAU
_c1978
300 _aILL.
_c22CM
650 _aLITERATURE
942 _2ddc
_cBOOK
999 _c5886
_d5886